Thiết kế bài giảng môn giải phẫu sinh lí người theo hướng tích cực hoá hoạt động người học Sách trợ giúp giáo viên cao đẳng Sư phạm
Những vấn đề chung về thiết kế bài giảng, thiết kế bài giảng chi tiết môn sinh lí người theo hướng tích cực hoá hoạt động người học: cơ thể người, máu, hệ tuần hoàn, hệ hô hấp..
Sparad:
| Huvudupphovsman: | |
|---|---|
| Materialtyp: | Bok |
| Språk: | Vietnamese |
| Publicerad: |
H.
Đại học Sư phạm
2007
|
| Ämnen: | |
| Taggar: |
Lägg till en tagg
Inga taggar, Lägg till första taggen!
|
| Thư viện lưu trữ: | Mạng thư viện Đại học Đà Nẵng |
|---|
| LEADER | 01734aam a22003978a 4500 | ||
|---|---|---|---|
| 001 | 000015385 | ||
| 003 | 11765 | ||
| 005 | 20120528090539.0 | ||
| 008 | 120528s2007 viesd | ||
| 020 | |d 1000b | ||
| 041 | 0 | |a vie | |
| 082 | 1 | 4 | |2 14 |a 611.071 |b NG-D |
| 084 | |a E86n3 |b TH308K | ||
| 100 | 1 | |a Nguyễn Thị Dung | |
| 245 | |a Thiết kế bài giảng môn giải phẫu sinh lí người theo hướng tích cực hoá hoạt động người học |b Sách trợ giúp giáo viên cao đẳng Sư phạm |c Nguyễn Thị Dung | ||
| 260 | |a H. |b Đại học Sư phạm |c 2007 | ||
| 300 | |a 225tr. |b hình vẽ |c 24cm | ||
| 500 | |a Đầu bìa sách ghi: Bộ Giáo dục và Đào tạo. Dự án Đào tạo giáo viên THCS | ||
| 504 | |a Thư mục: tr. 225 | ||
| 520 | |a Những vấn đề chung về thiết kế bài giảng, thiết kế bài giảng chi tiết môn sinh lí người theo hướng tích cực hoá hoạt động người học: cơ thể người, máu, hệ tuần hoàn, hệ hô hấp.. | ||
| 650 | 7 | |2 Bộ TK TVQG |a Thiết kế | |
| 650 | 7 | |2 Bộ TK TVQG |a Bài giảng | |
| 650 | 7 | |2 Bộ TK TVQG |a Sinh lí | |
| 650 | 7 | |2 Bộ TK TVQG |a Người | |
| 650 | 7 | |2 Bộ TK TVQG |a Giải phẫu | |
| 655 | 7 | |2 Bộ TK TVQG |a Giáo trình | |
| OWN | |a LSP | ||
| AVA | |a UDN50 |b LSP |d 611.071 NG-D |e available |t Error 5001 Not defined in file expand_doc_bib_avail. |f 5 |g 0 |h N |i 0 |k 1 | ||
| 999 | |a From the UDN01 | ||
| AVA | |a UDN50 |b LSP |d 611.071 NG-D |e available |t Error 5001 Not defined in file expand_doc_bib_avail. |f 5 |g 0 |h N |i 0 |k 1 | ||
| TYP | |a Monograph | ||
| TYP | |a Printed language | ||
| 980 | |a Mạng thư viện Đại học Đà Nẵng | ||